Alle Parteien Mexikos - Statistiken

Allgemein
  • Dieses Quiz wurde 3 mal gespielt
  • Das Durchschnittsergebnis liegt bei 5 aus 9
Antwortstatistiken
Partei % Korrekt
Movimiento Regeneración Nacional
100%
Partido Revolucionario Institucional
100%
Movimiento Ciudadano
67%
Partido Acción Nacional
67%
Partido Encuentro Social
67%
Partido de la Revolución Democrática
33%
Partido del Trabajo
33%
Partido Verde Ecologista de México
33%
Partido Nueva Alianza
0%
Keine übereinstimmenden Quizze gefunden
Verteilung der Resultate
Anzahl Personen mit jedem Resultat
Perzentil nach korrekt beantworteten Fragen
Ihre Resultats-Entwicklung
Sie haben dieses Quiz noch nicht gespielt